| 000 | 00767nas a2200241Ia 4500 | ||
|---|---|---|---|
| 001 | R701/B9750 | ||
| 003 | IT-RoPAU | ||
| 008 | 151124c99999999xx |||||||||||| ||und|| | ||
| 040 | _aIT-RoPAU | ||
| 040 | _cIT-RoPAU | ||
| 041 | _aITALIANO | ||
| 100 |
_aCalabrese Omar _gCodice Aut. SPICS: 8617 |
||
| 210 | _aCARTE SEMIOTICHE | ||
| 222 | _aCarte Semiotiche | ||
| 245 |
_aCARTE SEMIOTICHE, NUOVA SERIE N.01 (OTTOBRE 1993) _bBodegon. La Simulazione Del Cavolo |
||
| 250 | _a1a ed. | ||
| 260 |
_aSIENA _bPROTAGON EDITORI TOSCANI _c1993 |
||
| 501 |
_bPaulus - SPICS - Società San Paolo EM (non-commercial uses only) _cCopyright2015 |
||
| 300 | _a13 p. [103-115] | ||
| 362 | _aN.01 (OTTOBRE 1993) | ||
| 650 |
_aSEMIOTICA _vPUBBLICAZIONE PERIODICA |
||
| 942 | _cCR | ||
| 999 |
_c188347 _d188347 |
||